La Inspección del Trabajo : (Record no. 138509)
[ view plain ]
| 000 -LEADER | |
|---|---|
| campo de control de longitud fija | 00662nam a2200193 i 4500 |
| 001 - NÚMERO DE CONTROL | |
| campo de control | 138509 |
| 003 - IDENTIFICADOR DE NÚMERO DE CONTROL | |
| campo de control | ES-MaACL |
| 005 - FECHA Y HORA DE LA ÚLTIMA TRANSACCIÓN | |
| campo de control | 20250826064207.0 |
| 007 - CAMPO FIJO DE DESCRIPCIÓN FÍSICA--INFORMACIÓN GENERAL | |
| campo de control de longitud fija | t| |
| 008 - DATOS DE LONGITUD FIJA--INFORMACIÓN GENERAL | |
| campo de control de longitud fija | 070214s1952 sp r ||||1| spa d |
| 100 1# - ENTRADA PRINCIPAL--NOMBRE DE PERSONA | |
| Nombre de persona | San Miguel Arribas, Luis. |
| 9 (RLIN) | 102282 |
| 245 13 - MENCIÓN DEL TÍTULO | |
| Título | La Inspección del Trabajo : |
| Resto del título | (importancia social y organización administrativa) / |
| Mención de responsabilidad, etc. | Luis San Miguel Arribas. |
| 260 ## - PUBLICACIÓN, DISTRIBUCIÓN, ETC. | |
| Lugar de publicación, distribución, etc. | Madrid : |
| Nombre del editor, distribuidor, etc. | Instituto de Estudios Políticos, |
| Fecha de publicación, distribución, etc. | 1952. |
| 300 ## - DESCRIPCIÓN FÍSICA | |
| Extensión | 334 p. ; |
| Dimensiones | 21 cm. |
| 650 #7 - PUNTO DE ACCESO ADICIONAL DE MATERIA--TÉRMINO DE MATERIA | |
| Término de materia o nombre geográfico como elemento de entrada | Inspección de trabajo- |
| Subdivisión geográfica | España |
| Fuente del encabezamiento o término | |
| 9 (RLIN) | 140502 |
| 710 2# - ENTRADA AGREGADA--NOMBRE DE ENTIDAD CORPORATIVA | |
| Nombre de entidad corporativa o nombre de jurisdicción como elemento de entrada | Instituto de Estudios Políticos (Madrid) |
| 9 (RLIN) | 4924 |
| 852 4# - LOCALIZACIÓN | |
| Ubicación | ES-MaACL |
| Número de control de estantería | E-9972 |
| Estatus retirado | Estado de pérdida | Estado de daño | No para préstamo | Biblioteca de origen | Biblioteca actual | Ubicación en estantería | Fecha de adquisición | Fuente de adquisición | Total de préstamos | Signatura topográfica completa | Código de barras | Visto por última vez | Precio de reemplazo | Tipo de ítem Koha |
|---|---|---|---|---|---|---|---|---|---|---|---|---|---|---|
| Biblioteca del Ateneo de Madrid | Biblioteca del Ateneo de Madrid | Depósito 2 | 17/01/2008 | E-9972 | 1144128 | 23/02/2023 | 23/02/2023 | Libro impreso |
